Random fields and geometry / (Record no. 213210)

000 -LEADER
fixed length control field 01478 a2200205 4500
020 ## - INTERNATIONAL STANDARD BOOK NUMBER
International Standard Book Number 0387481125
020 ## - INTERNATIONAL STANDARD BOOK NUMBER
International Standard Book Number 9780387481128
082 ## - DEWEY DECIMAL CLASSIFICATION NUMBER
Classification number 519.23
090 ## - LOCALLY ASSIGNED LC-TYPE CALL NUMBER (OCLC); LOCAL CALL NUMBER (RLIN)
-- 1014
-- 1014
100 1# - MAIN ENTRY--PERSONAL NAME
Personal name Adler, R. J.
245 10 - TITLE STATEMENT
Title Random fields and geometry /
Statement of responsibility, etc. R. J. Adler, Jonathan E. Taylor.
260 ## - PUBLICATION, DISTRIBUTION, ETC.
Place of publication, distribution, etc. [S.l.] :
Name of publisher, distributor, etc. Springer,
Date of publication, distribution, etc. 2007.
300 ## - PHYSICAL DESCRIPTION
Extent 472 p. ;
Dimensions 24 cm.
490 1# - SERIES STATEMENT
Series statement Springer monographs in mathematics.
520 ## - SUMMARY, ETC.
Summary, etc. This monograph is devoted to a completely new approach to geometric problems arising in the study of random fields. The groundbreaking material in Part III, for which the background is carefully prepared in Parts I and II, is of both theoretical and practical importance, and striking in the way in which problems arising in geometry and probability are beautifully intertwined. "Random Fields and Geometry" will be useful for probabilists and statisticians, and for theoretical and applied mathematicians who wish to learn about new relationships between geometry and probability. It will be helpful for graduate students in a classroom setting, or for self-study. Finally, this text will serve as a basic reference for all those interested in the companion volume of the applications of the theory. �
700 1# - ADDED ENTRY--PERSONAL NAME
Personal name Taylor, Jonathan E.
830 #0 - SERIES ADDED ENTRY--UNIFORM TITLE
Uniform title Springer monographs in mathematics.
942 ## - ADDED ENTRY ELEMENTS (KOHA)
Institution code [OBSOLETE] SNS
Koha item type Book
Call number prefix 519.23 ADL
Holdings
Withdrawn status Lost status Source of classification or shelving scheme Damaged status Not for loan Collection code Permanent Location Current Location Date acquired Total Checkouts Full call number Barcode Date last seen Price effective from Koha item type
            Military College of Signals (MCS) Military College of Signals (MCS) 12/12/2016   519.2 ADL MCSEB-3231 12/08/2016 12/12/2016 Book
© 2023 Central Library, National University of Sciences and Technology. All Rights Reserved.